000 01604cam a22002657a 4500
001 573384
005 20220326193318.0
008 891002s1988 sz a 000 0 ger
010 _a 89190828
020 _a3906554023
040 _aDLC
_cDLC
_dDLC
043 _ae------
082 _a633.73
_bS362w
100 2 _aSchnyder-Von Waldkirch, Antoinette.
_92433
245 1 0 _aWie Europa den Kaffee entdeckte :
_bReiseberichte der Barockzeit als Quellen zur Geschichte des Kaffees /
_cAntoinette Schnyder-v. Waldkirch ; [Redaktion, Katerina Vatsella].
260 _aZürich :
_bJacobs Suchard Museum, Sammlung zur Kulturgeschichte des Kaffees,
_cc1988.
300 _a255 p. :
_bill. (some col.) ;
_c25 cm.
490 0 _aVeröffentlichungen des Jacobs Suchard Museums zur Kulturgeschichte des Kaffees ;
_vBd. 1, 1988
505 _tDie Entdeckung des Kaffees durch europaische Orientreisende
_tTexte Zur Entdeckungsgeschichte des Kaffees
_tErste publikationen uber Kaffe
_tBerichte uber Kaffe und Kaffehauser in den groben Zentren der orientalischen welt
_tDer Kaffe in sitte und Brauch der islamischen welt
_tBiographische Angaben Zu den Autoren der Reiseberichte
_tAngaben zu Autoren, die Orientreiseberichte ihrer Zeit zu Botanischen und propagandistischen Werken uber Kaffee verarbeiteten
_tBibliographie
_tNamen-und Ortsregister
_tKarte
650 0 _aCoffee
_xHistory
_zEurope.
_92434
650 0 _aCoffee industry
_xHistory
_zEurope.
_92435
700 1 _aVatsella, Katerina,
_d1952-
_92436
906 _a7
_bcbc
_corignew
_d4
_encip
_f19
_gy-gencatlg
999 _c528
_d528